00822cam a22002537a 4500003000500000005001700005008004100022010000900063011000900072035000900081040000900090082002000099100003100119245004400150250000900194260003400203300001100237490006700248500009200315650002800407650003800435650002800473830006700501CHAP20220329133452.0971013s1992 r 00010 d a6724 a7696 a6920 cCHAP04a630.71bM3 199200aMata García, Bernardino.10aLa formación del agrónomo necesario a2 ed aChapingo, Mex. :bUACH,c1992 a127 p. 0aCuadernos universitarios. Serie Educación y Universidadv; 1 aTítulo de la 1 ed. : Los trabajos de campo en la formación del agrónomo necesario14aEducación agrícola.14aEducación agrícolazMéxico.14aExtensión agrícola.0 aCuadernos universitarios. Serie Educación y Universidadv; 1